[Event "Titled Tue 24th Jun Late"]
[Site "chess.com INT"]
[Date "2025.06.24"]
[Round "7"]
[White "Pontes, Luiz Felizola Lima"]
[Black "Yang, Larry"]
[Result "1-0"]
[WhiteElo "2062"]
[BlackElo "2017"]
[WhiteFideId "44709919"]
[BlackFideId "2637618"]
[EventDate "2025.06.24"]

1. Nf3 Nf6 2. g3 g6 3. Bg2 Bg7 4. O-O O-O 5. d3 d5 6. Nbd2 c5 7. c4 Nc6 8. cxd5
Nxd5 9. Qc2 b6 10. Re1 Bb7 11. Rb1 Ndb4 12. Qa4 a6 13. a3 b5 14. Qd1 Nd5 15. Ne4
c4 16. Nc5 Rb8 17. Nxb7 Rxb7 18. dxc4 bxc4 19. Qa4 Nc3 20. Qxc6 Rb6 21. Qxc4
Nxb1 22. b4 Qc8 23. Qxc8 Rxc8 24. Be3 Rbc6 25. Rxb1 Rc3 26. a4 Ra3 27. a5 Rc2
28. Bd4 Rxe2 29. Bxg7 Kxg7 30. Bf1 Re4 31. Bxa6 Ra4 32. b5 Rxa5 33. b6 Rxa6 34.
b7 Rf6 35. Kg2 Ree6 36. b8=Q h6 37. Nd4 Rd6 38. Nf3 Rde6 39. Qb2 g5 40. Rd1 Kh7
41. Qc2+ Kg7 42. Rd8 Rd6 43. Rxd6 exd6 44. Qc3 Kg6 45. Qd3+ Kg7 46. Qd4 Kg6 47.
h4 Re6 48. Qd3+ Kg7 49. Nd4 Rg6 50. Nf5+ Kf8 51. Qxd6+ Rxd6 52. Nxd6 Ke7 53. Ne4
f6 54. Kf3 Ke6 55. h5 f5 56. Nc3 Ke5 57. g4 f4 58. Ne4 Ke6 59. Ke2 Kd5 60. f3
Kd4 61. Nxg5 hxg5 62. h6 Ke5 63. h7 Kf6 64. h8=Q+ Kg6 65. Qa8 Kh6 66. Qa1 Kg6
67. Qh1 Kg7 68. Qa1+ Kg6 69. Qh1 Kf6 70. Qb1 Ke6 71. Qb2 Kd5 72. Qb3+ Ke5 73.
Qd3 Kf6 74. Qf5+ Ke7 75. Qxg5+ Ke6 76. Qf5+ Ke7 77. Qxf4 Ke6 78. Qe4+ Kf6 79.
Qf5+ Kg7 80. g5 Kg8 81. Qe6+ Kh7 82. Qh6+ Kg8 83. Qa6 Kh7 84. Ke3 Kg7 85. Kf4
Kf7 86. Kf5 Kg7 87. Qb7+ Kf8 88. Kf6 Ke8 89. Qe7# 1-0

[Event "Titled Tue 24th Jun Late"]
[Site "chess.com INT"]
[Date "2025.06.24"]
[Round "7"]
[White "Klys, Kacper"]
[Black "Amaya, Brayan Angel"]
[Result "0-1"]
[WhiteTitle "CM"]
[WhiteElo "2218"]
[BlackElo "1903"]
[WhiteFideId "21005281"]
[BlackFideId "39909646"]
[EventDate "2025.06.24"]

1. Nf3 d5 2. d4 c6 3. Bf4 Bf5 4. e3 e6 5. Bd3 Bd6 6. Bxf5 exf5 7. Bxd6 Qxd6 8.
Nbd2 Nf6 9. Ne5 Nbd7 10. Nxd7 Qxd7 11. O-O O-O 12. c4 Rfe8 13. Re1 dxc4 14. Nxc4
Qd5 15. Rc1 Rad8 16. Qf3 g6 17. Qxd5 Rxd5 18. b4 Re7 19. g3 Ne4 20. Red1 Kg7 21.
Nd2 Nf6 22. Rc5 Rd8 23. a3 h5 24. Rdc1 a6 25. Nf3 Ne4 26. R5c2 f6 27. Nd2 g5 28.
Nxe4 fxe4 29. Rc5 Kg6 30. a4 Rd6 31. b5 cxb5 32. axb5 a5 33. Ra1 b6 34. Rc6 Red7
35. Rac1 Kf5 36. Kf1 Ke6 37. Ke2 Rxc6 38. Rxc6+ Rd6 39. Rc4 Kd5 40. Rc8 Rd7 41.
Kd2 Rd6 42. Kc3 Ke6 43. Kc4 Rd7 44. Rc6+ Rd6 45. Rc7 Kf5 46. Rh7 Kg6 47. Rh8 Rd7
48. Rb8 Rd6 49. h3 Kf5 50. Rh8 Kg6 51. Rc8 Kf5 52. Rc6 Ke6 53. Rc8 Rd7 54. Rh8
Ra7 55. Kb3 a4+ 56. Ka3 Rc7 57. Rxh5 Rc2 58. Kxa4 Rxf2 59. h4 gxh4 60. Rxh4 f5
61. Rh6+ Kd5 62. Rxb6 Rf3 63. Rf6 Rxe3 64. Rxf5+ Kxd4 65. b6 Rxg3 66. b7 Rg8 67.
Ka5 e3 68. Rf7 Re8 69. Re7 Rxe7 70. b8=Q Re5+ 71. Kb4 e2 72. Qd6+ Ke4 73. Qg6+
Ke3 74. Qg3+ Kd4 75. Qf4+ Re4 76. Qd2+ Ke5+ 77. Kc5 e1=Q 0-1

[Event "Titled Tue 24th Jun Late"]
[Site "chess.com INT"]
[Date "2025.06.24"]
[Round "7"]
[White "Gattani, Sarthak"]
[Black "Shymanskyi, Oleksandr"]
[Result "1-0"]
[BlackTitle "FM"]
[WhiteElo "1944"]
[BlackElo "2218"]
[WhiteFideId "30995965"]
[BlackFideId "14168880"]
[EventDate "2025.06.24"]

1. d4 Nf6 2. c4 e6 3. Nf3 Bb4+ 4. Bd2 a5 5. a3 Bxd2+ 6. Qxd2 d6 7. Nc3 Qe7 8. e3
Nbd7 9. Be2 O-O 10. O-O e5 11. Qc2 b6 12. Nd2 Bb7 13. Bf3 Bxf3 14. Nxf3 e4 15.
Nd2 Rfe8 16. Rae1 h5 17. f3 exf3 18. Nxf3 Ne4 19. Nd2 Ndf6 20. Ndxe4 Nxe4 21.
Rf4 Nxc3 22. Qxc3 Qg5 23. Ref1 Re7 24. e4 Rae8 25. Qf3 Qg6 26. e5 dxe5 27. dxe5
Rf8 28. Rf5 Qg4 29. Qd5 Qg6 30. h3 c6 31. Qf3 h4 32. Qf4 Rfe8 33. Qxh4 Rxe5 34.
Rxf7 Qxf7 35. Rxf7 Kxf7 36. Qf2+ Kg6 37. Qxb6 R8e6 38. c5 Re1+ 39. Kh2 a4 40.
Qa6 R1e4 41. Qc8 Kf5 42. Qf8+ Kg6 43. Qf3 Kh7 44. Qf5+ Kh6 45. Qf2 Kg6 46. h4
Kh6 47. Kh3 Kh5 48. g4+ Kh6 49. Qd2+ Kh7 50. h5 Re3+ 51. Kh4 Re2 52. Qd3+ Kh8
53. Qd8+ Kh7 54. Qg5 R2e5 55. Qc1 Re4 56. Qc2 Kg8 57. Kg3 Re3+ 58. Kf4 Re2 59.
Qd3 Rxb2 60. Qd8+ Kf7 61. Qd7+ Re7 62. Qf5+ Ke8 63. Qc8+ Kf7 64. Qxc6 Rf2+ 65.
Kg3 Rf6 66. Qd5+ Kf8 67. c6 Re3+ 68. Kh4 Rc3 69. Qd8+ Kf7 70. c7 Rfc6 71. Qd7+
Kg8 72. Qe8+ Kh7 73. Qe4+ Kg8 74. Qxa4 Rxc7 75. Qb4 Kh7 76. a4 Rc1 77. Qb3 R7c3
78. Qb7 Rh1+ 79. Qxh1 Rc5 80. Qe4+ Kg8 81. Qf4 Rc4 82. Qxc4+ 1-0

[Event "Titled Tue 24th Jun Late"]
[Site "chess.com INT"]
[Date "2025.06.24"]
[Round "7"]
[White "Bazan Romero, Octavio Aaron"]
[Black "Venskaya, Nika"]
[Result "1-0"]
[WhiteTitle "FM"]
[BlackTitle "WCM"]
[WhiteElo "2289"]
[BlackElo "1926"]
[WhiteFideId "20003943"]
[BlackFideId "13523503"]
[EventDate "2025.06.24"]

1. Nf3 Nf6 2. g3 g6 3. Bg2 Bg7 4. O-O O-O 5. d4 d5 6. c4 c6 7. cxd5 cxd5 8. Nc3
Nc6 9. Ne5 Be6 10. Nxc6 bxc6 11. Na4 Ne4 12. Bxe4 dxe4 13. e3 Bd5 14. Nc3 Qd7
15. Nxd5 cxd5 16. Bd2 Rab8 17. b4 e5 18. dxe5 Bxe5 19. Rb1 d4 20. exd4 Qxd4 21.
Be3 Qc4 22. Qa4 a6 23. Rfc1 Qb5 24. Qb3 Bd6 25. a3 Rfc8 26. Rxc8+ Rxc8 27. a4
Qb7 28. b5 axb5 29. axb5 Bc5 30. Bxc5 Rxc5 31. b6 Rc6 32. Qb5 Re6 33. Qc5 Rc6
34. Qd4 Re6 35. h4 h5 36. Kh2 Kh7 37. Rb5 Kg8 38. Qe3 Kg7 39. Kg2 Kh7 40. Kh2
Kg7 41. Rb3 Kh7 42. Qc3 Rc6 43. Qd4 Re6 44. Qc5 Rc6 45. Qd5 Kg7 46. Qe5+ Rf6 47.
Kg1 e3 48. Rxe3 Qxb6 49. Rf3 Qc6 50. Rf4 Qd6 51. Qc3 Qe6 52. Kh2 Qd6 53. Kg2
Qc6+ 54. Qxc6 Rxc6 55. Kf3 Rd6 56. Ke4 Ra6 57. f3 Ra4+ 58. Ke3 Ra3+ 59. Kf2 Ra2+
60. Kg1 f6 61. Re4 g5 62. Rd4 Kg6 63. Re4 Kf5 64. Rc4 Kg6 65. Rd4 Rb2 66. Kh1
Kf5 67. Kg1 Kg6 68. Re4 Ra2 69. Re3 Kf5 70. Re4 g4 71. Rf4+ Ke5 72. fxg4 hxg4
73. Rxg4 Kf5 74. Rg8 Ra3 75. Kg2 Ke5 76. Kh3 f5 77. h5 Kf6 78. Rg6+ Kf7 79. Kh4
Ra4+ 80. Kg5 Rg4+ 81. Kxf5 1-0

[Event "Titled Tue 24th Jun Late"]
[Site "chess.com INT"]
[Date "2025.06.24"]
[Round "7"]
[White "Martinez Alcantara, Jose Eduardo"]
[Black "Dyachuk, Artem"]
[Result "0-1"]
[WhiteTitle "GM"]
[BlackTitle "FM"]
[WhiteElo "2611"]
[BlackElo "2374"]
[WhiteFideId "3805662"]
[BlackFideId "34107924"]
[EventDate "2025.06.24"]

1. c4 e6 2. g3 d5 3. Nf3 d4 4. Bg2 h5 5. O-O Nh6 6. e4 g5 7. d3 g4 8. Ne5 Rg8 9.
c5 f6 10. Nc4 e5 11. f4 gxf3 12. Qxf3 Nf7 13. b4 Be6 14. Nba3 Nd7 15. Na5 Bg4
16. Qf2 b6 17. Nb7 Qc8 18. c6 Be7 19. b5 Nf8 20. Nc4 h4 21. a4 Bh3 22. Ba3 Nh7
23. Bxe7 Kxe7 24. Ra2 Nfg5 25. Qe1 hxg3 26. hxg3 Bxg2 27. Rxg2 Nh3+ 28. Kh1 N7g5
29. Rh2 Rh8 30. Qb4+ Ke6 31. Ncd6 Qg8 32. Qc4+ Ke7 33. Nf5+ Ke8 34. Qb4 Qh7 35.
Nh4 Qf7 36. a5 Qe7 37. Qb3 Qf7 38. Qa3 Qf8 39. Qa2 Qf7 40. Qa1 Qb3 41. Qd1 Qxd1
42. Rxd1 bxa5 43. Kg2 a6 44. Rb1 axb5 45. Rxb5 a4 46. Rb2 a3 47. Ra2 Kf7 48.
Rxh3 Nxh3 49. Kxh3 Ra6 50. Kg4 Rha8 51. Nf5 Rxc6 52. Rh2 Rb6 53. Nc5 a2 54. Rh7+
Kg8 55. Rh1 Kf8 56. Nd7+ Kf7 57. Nxb6 cxb6 58. Ra1 Ke6 59. Kf3 b5 60. Ke2 b4 61.
Kd2 b3 62. Kc1 Rc8+ 63. Kb2 Rc3 64. Rd1 Kd7 65. g4 Kc6 66. Ne7+ Kb5 67. Nd5 Rc2+
68. Kxb3 Rd2 69. Ra1 Rxd3+ 70. Kxa2 Rf3 71. Re1 Kc4 72. Rd1 Rf2+ 73. Kb1 d3 74.
Rc1+ Kd4 75. Re1 d2 76. Rd1 Kxe4 77. Nc3+ Kd3 78. Nd5 e4 79. Nb4+ Kc4 80. Nc2
Kd3 81. Nb4+ Ke2 82. Kc2 e3 83. Nd5 Kf3 84. Nc3 e2 85. Nxe2 Rxe2 86. Kd3 Rg2 87.
Rf1+ Kxg4 88. Kc2 f5 89. Ra1 f4 90. Rd1 f3 91. Rb1 d1=Q+ 92. Kxd1 Rg1+ 93. Kc2
Rxb1 0-1

[Event "Titled Tue 24th Jun Late"]
[Site "chess.com INT"]
[Date "2025.06.24"]
[Round "7"]
[White "Haug, Havard"]
[Black "Tao, Sihan"]
[Result "1-0"]
[WhiteTitle "FM"]
[BlackTitle "FM"]
[WhiteElo "2354"]
[BlackElo "2202"]
[WhiteFideId "1547887"]
[BlackFideId "30982677"]
[EventDate "2025.06.24"]

1. e4 c5 2. c3 Qa5 3. Nf3 Nc6 4. Be2 Nf6 5. e5 Ng4 6. O-O Ngxe5 7. Nxe5 Nxe5 8.
d4 cxd4 9. cxd4 Nc6 10. d5 Nb8 11. d6 e6 12. Nc3 a6 13. Bf4 Nc6 14. Bf3 g5 15.
Bd2 Qd8 16. Ne4 Rg8 17. Bc3 Bg7 18. Qd2 b6 19. Bxg7 Rxg7 20. Qc3 Kf8 21. Nf6 Bb7
22. Nh5 Rg8 23. Qf6 Qxf6 24. Nxf6 Rd8 25. Nxg8 Kxg8 26. Rac1 Kg7 27. a4 a5 28.
Rc3 f5 29. Rb3 Nd4 30. Rxb6 Nxf3+ 31. gxf3 Bxf3 32. Rc1 Bc6 33. Ra6 Bxa4 34.
Rxa5 Bc6 35. Ra7 Kf6 36. b4 Rb8 37. Rb1 Ke5 38. b5 Be4 39. Rb2 Rc8 40. Kf1 Kxd6
41. b6 Rb8 42. Ke2 g4 43. Ke3 Kc5 44. Rc7+ Kd6 45. Rc1 Bc6 46. Kf4 h5 47. Kg5 h4
48. Kxh4 Ke5 49. Kg3 Rh8 50. h4 gxh3 51. Kh2 Rg8 52. Kxh3 Kf4 53. Rc4+ Be4 54.
f3 Kxf3 55. Kh2 Kf4 56. Rcb4 Rb8 57. Rb5 d5 58. b7 d4 59. R5b4 d3 60. Kg1 Ke3
61. R4b3 Kd4 62. Kf2 Kc5 63. Ke3 Kc6 64. Rc3+ Kd6 65. Rcb3 Bd5 66. Rb6+ Ke5 67.
Kxd3 f4 68. Ke2 Ke4 69. R6b4+ Kf5 70. Kd3 e5 71. Rb5 Be4+ 72. Kc4 Bf3 73. Kc5 e4
74. Kd6+ Kg4 75. Kc7 Rxb7+ 76. Rxb7 e3 77. R7b6 e2 78. Re6 Kg3 79. Kd6 Kf2 80.
Kc5 Kf1 81. Rb1+ Kf2 82. Kd4 Bg4 83. Re5 f3 84. Ra1 Bh3 85. Kd3 Bf1 86. Kd2 Kg2
87. Rg5+ Kf2 88. Rg8 Bg2 89. Re1 Bh3 90. Rh8 Bg2 91. Re8 Bh3 92. Re3 Bg2 93. Ra3
Kg3 94. Rxe2 Kf4 95. Rf2 Kg3 96. Ke3 Bh3 97. Ra5 Bg4 98. Re5 Kh4 99. Re7 Kg3
100. Rc7 Bh3 101. Rc5 Bg2 102. Rc3 Kh2 103. Ra3 Kg1 104. Ra4 Kh2 105. Rf4 Kg3
106. R4xf3+ Bxf3 107. Rxf3+ Kg2 108. Ke2 Kg1 109. Rf2 Kh1 110. Kf3 Kg1 111. Kg3
Kh1 112. Rf3 Kg1 113. Rf4 Kh1 114. Rf5 Kg1 115. Rf6 Kh1 116. Rf7 Kg1 117. Rf8
Kh1 118. Rf7 1-0

[Event "Titled Tue 24th Jun Late"]
[Site "chess.com INT"]
[Date "2025.06.24"]
[Round "7"]
[White "Goryachkina, Aleksandra"]
[Black "Kukhmazov, Arsen"]
[Result "1/2-1/2"]
[WhiteTitle "GM"]
[BlackTitle "IM"]
[WhiteElo "2533"]
[BlackElo "2442"]
[WhiteFideId "4147103"]
[BlackFideId "24108260"]
[EventDate "2025.06.24"]

1. d4 Nf6 2. c4 e6 3. Nf3 d5 4. g3 Bb4+ 5. Bd2 Be7 6. Bg2 O-O 7. O-O Nbd7 8. Qc2
c6 9. Bf4 b6 10. cxd5 cxd5 11. Rc1 Bb7 12. Bc7 Qe8 13. Qb3 Rc8 14. Na3 Ba6 15.
Nb5 Nc5 16. dxc5 Bxb5 17. cxb6 axb6 18. Nd4 Bc4 19. Qxb6 Nd7 20. Qa5 Ra8 21. Qd2
Rxa2 22. Rxa2 Bxa2 23. b3 Bf6 24. Bd6 Bxd4 25. Qxd4 Bxb3 26. Bxf8 Nxf8 27. e4
dxe4 28. Bxe4 Qe7 29. Rc8 g6 30. h4 h5 31. Qc3 Ba4 32. Rc7 Bd7 33. Bc6 Qd6 34.
Bxd7 Nxd7 35. Rc8+ Nf8 36. Qc5 Qxc5 37. Rxc5 Kg7 38. Kg2 Kf6 39. Rc7 e5 40. Kf3
Ne6 41. Ra7 Nc5 42. Ke3 Ke6 43. Rc7 Nd7 44. Rb7 Kd6 45. Ra7 Ke6 46. Ra6+ Kd5 47.
Ra5+ Ke6 48. Ke4 Nf6+ 49. Kd3 Nd7 50. Kc4 Kf5 51. Kd5 Nf6+ 52. Kc4 Ng4 53. f3
Ne3+ 54. Kd3 Nf1 55. g4+ hxg4 56. fxg4+ Kxg4 57. Rxe5 Kxh4 58. Ke2 Ng3+ 59. Kf3
Nh5 60. Re7 f5 61. Re6 Kg5 62. Rb6 Nf6 63. Rb5 Ne4 64. Rb4 Nd2+ 65. Ke3 Ne4 66.
Kf3 Nf6 67. Ra4 Ng4 68. Rb4 Ne5+ 69. Kg3 Nd3 70. Rd4 Nc5 71. Rc4 Ne6 72. Rb4 Kf6
73. Ra4 g5 74. Ra5 Nd4 75. Rd5 Ne6 76. Kf3 g4+ 77. Kg3 Kg5 78. Ra5 Ng7 79. Rb5
Nh5+ 80. Kf2 Kf4 81. Rb4+ Kg5 82. Rb5 Nf6 83. Ra5 Ne4+ 84. Ke3 Nd6 85. Rd5 Nf7
86. Ra5 Nh6 87. Rb5 Kh4 88. Kf4 Kh3 89. Rb3+ Kg2 90. Kg5 Nf7+ 91. Kxf5 g3 92.
Rxg3+ Kxg3 1/2-1/2

[Event "Titled Tue 24th Jun Late"]
[Site "chess.com INT"]
[Date "2025.06.24"]
[Round "7"]
[White "Deichmann, Esteban Horacio"]
[Black "Reshetnikov, Alexey"]
[Result "1/2-1/2"]
[BlackTitle "IM"]
[WhiteElo "2103"]
[BlackElo "2492"]
[WhiteFideId "167410"]
[BlackFideId "4162080"]
[EventDate "2025.06.24"]

1. e4 e6 2. d4 d5 3. exd5 exd5 4. Qf3 Nc6 5. c3 Bd6 6. Bd3 Nge7 7. h3 Be6 8. Ne2
Qd7 9. Bf4 O-O-O 10. Nd2 f6 11. O-O-O Bf7 12. Bxd6 Qxd6 13. Nb3 Bg6 14. Nc5 b6
15. Ba6+ Kb8 16. Nb7 Qd7 17. Nxd8 Na5 18. Bd3 Rxd8 19. Nf4 Qa4 20. Bxg6 hxg6 21.
Kb1 g5 22. Nd3 Nc4 23. Qe2 Nc6 24. Rhe1 Qb5 25. Ka1 Kb7 26. b3 Nd6 27. Nb2 Qa5
28. Qc2 Ne4 29. Re3 Qa3 30. Nc4 Qa6 31. Rxe4 dxe4 32. Qxe4 b5 33. d5 Kb8 34. Rb1
Na5 35. Nxa5 Qxa5 36. Qd4 Re8 37. Rd1 Re2 38. Rd2 Rxd2 39. Qxd2 Qb6 40. Kb2 Qd6
41. c4 bxc4 42. bxc4 Qe5+ 43. Kc2 Qe4+ 44. Kc3 Qxg2 45. c5 Qxh3+ 46. Kc4 Qf1+
47. Kd4 Qb5 48. c6 a5 49. Qc3 g4 50. Qe3 Qb4+ 51. Kd3 a4 52. Qe8+ Ka7 53. Qd7
Qb5+ 54. Ke4 Kb6 55. Qd8 Qe2+ 56. Kf5 Qf3+ 57. Ke6 Qe4+ 58. Kf7 g3 59. fxg3 Kc5
60. Qxc7 Qxd5+ 61. Kxg7 Qg5+ 62. Kf7 f5 63. Qe7+ Qxe7+ 64. Kxe7 Kxc6 65. Ke6 Kc5
66. Kxf5 Kb4 67. g4 Ka3 68. g5 Kxa2 69. g6 Kb1 70. g7 a3 71. g8=Q a2 72. Qg1+
Kb2 73. Qd4+ Kb1 74. Qd1+ Kb2 75. Qd2+ Kb1 76. Qb4+ Kc2 77. Qa4+ Kb1 78. Qb3+
Ka1 79. Qd1+ Kb2 80. Qe2+ Kb1 81. Qe1+ Kb2 82. Qe5+ Kb1 83. Qb5+ Ka1 84. Qa6 Kb2
85. Qb7+ Ka1 86. Qa8 Kb2 87. Qg2+ Kb1 88. Qg1+ Kb2 89. Qg7+ Kb1 90. Qb7+ Ka1 91.
Qa6 Kb2 92. Qb5+ Ka1 93. Qa5 Kb2 94. Qd2+ Kb1 95. Qd4 a1=Q 96. Qd1+ Ka2 97. Qa4+
Kb1 98. Qb3+ Qb2 99. Qd1+ Qc1 100. Qd3+ Kb2 101. Ke4 Qc2 102. Kd4 Qxd3+ 103.
Kxd3 1/2-1/2

[Event "Titled Tue 24th Jun Late"]
[Site "chess.com INT"]
[Date "2025.06.24"]
[Round "7"]
[White "Paravyan, David"]
[Black "Livaic, Leon"]
[Result "1/2-1/2"]
[WhiteTitle "GM"]
[BlackTitle "GM"]
[WhiteElo "2589"]
[BlackElo "2550"]
[WhiteFideId "4194985"]
[BlackFideId "14531534"]
[EventDate "2025.06.24"]

1. d4 d6 2. e4 Nf6 3. Bd3 e5 4. Nf3 exd4 5. Nxd4 g6 6. Bg5 Bg7 7. Nc3 O-O 8. Qd2
Nc6 9. Nxc6 bxc6 10. O-O Re8 11. Rae1 Qe7 12. Kh1 Qf8 13. f4 h6 14. Bh4 Nd7 15.
e5 dxe5 16. f5 g5 17. Ne4 Nf6 18. Bf2 Nxe4 19. Bxe4 Ba6 20. Rg1 Red8 21. Qa5 Bc4
22. Bxc6 Rab8 23. Bc5 Rd6 24. Qxc7 Rxc6 25. Qxc6 Qc8 26. Qxc8+ Rxc8 27. Bxa7
Bxa2 28. c3 Bd5 29. Rd1 Be4 30. Rgf1 Bf6 31. Kg1 h5 32. Rfe1 Bc6 33. Be3 Kg7 34.
Rd6 h4 35. h3 Be7 36. Rd2 Be4 37. Rf2 Bd3 38. Rd1 Bb5 39. Re1 Bc4 40. Rd2 Rb8
41. b4 Rc8 42. Bc5 Bxc5+ 43. bxc5 Rxc5 44. Rd6 Bb3 45. Re3 Bc2 46. f6+ Kg6 47.
Rd7 Kxf6 48. Rf3+ Bf5 49. Ra7 Kg6 50. Ra6+ f6 51. Rb6 Rc4 52. Kh2 Rc5 53. Ra6
Rc4 54. Rd6 Rc5 55. Rb6 Rc8 56. Re3 Rc4 57. Rxe5 Rxc3 58. Re2 Rc2 59. Rxc2 Bxc2
60. Rb2 Be4 61. Kg1 Kf5 62. Kf2 Kf4 63. Rb4 f5 64. Rb8 g4 65. hxg4 fxg4 66. Rf8+
Kg5 67. Rg8+ Kf4 68. Rf8+ Kg5 69. g3 h3 70. Rh8 Kf6 71. Kg1 Bf3 72. Rf8+ Kg7 73.
Rf4 Kg6 74. Kh2 Kg5 75. Rb4 Kg6 76. Rb5 Kf6 77. Rc5 Kg6 78. Kg1 Kf6 79. Rh5 Kg6
80. Rh4 Kg5 81. Kf2 Kg6 82. Ke3 Kg5 83. Kd4 Kf5 84. Rh5+ Kg6 85. Rh8 Kf5 86. Rh4
Kg5 87. Ke5 Kg6 88. Kf4 Kf6 89. Rh6+ Ke7 90. Kf5 Kd7 91. Ke5 Kc7 92. Kf4 Kd7 93.
Kf5 Kc7 94. Ke5 Kd7 95. Rh7+ Kc6 96. Kf4 Kd5 97. Rh6 Kd4 98. Rd6+ Kc5 99. Rh6
Kd4 100. Rh5 Kd3 101. Rxh3 gxh3 102. Kxf3 Kd4 103. g4 Ke5 104. Kg3 Kf6 105. Kxh3
Kg5 106. Kg3 Kg6 107. Kf4 Kf6 108. g5+ Kg6 109. Ke5 Kxg5 1/2-1/2

[Event "Titled Tue 24th Jun Late"]
[Site "chess.com INT"]
[Date "2025.06.24"]
[Round "7"]
[White "Sprenar, Petr"]
[Black "Rogov, Matfey"]
[Result "1-0"]
[WhiteTitle "FM"]
[BlackTitle "FM"]
[WhiteElo "2318"]
[BlackElo "2348"]
[WhiteFideId "397164"]
[BlackFideId "44191308"]
[EventDate "2025.06.24"]

1. d4 Nf6 2. c4 b6 3. g3 Bb7 4. Nf3 Bxf3 5. exf3 e6 6. Bg2 Bb4+ 7. Nc3 c6 8. a3
Bxc3+ 9. bxc3 d5 10. cxd5 cxd5 11. O-O O-O 12. a4 Nc6 13. Ba3 Re8 14. f4 Na5 15.
Re1 Rc8 16. Bb4 Nc4 17. Qd3 Qd7 18. a5 Qc6 19. axb6 axb6 20. Ra7 Ra8 21. Rea1
Rxa7 22. Rxa7 Ne4 23. Qc2 h5 24. Qa4 Qxa4 25. Rxa4 Rc8 26. f3 Ned2 27. Kf2 Nb2
28. Ra7 Nb1 29. Ra2 Nxc3 30. Bxc3 Nd1+ 31. Ke1 Nxc3 32. Rb2 Rc6 33. Rc2 b5 34.
Bf1 b4 35. Rb2 Rb6 36. Kd2 Kf8 37. Kc2 Ke7 38. Kb3 Kd6 39. Rc2 f6 40. Rc1 e5 41.
fxe5+ fxe5 42. dxe5+ Kxe5 43. Ra1 Kd4 44. Re1 g5 45. f4 gxf4 46. gxf4 Kc5 47. f5
Ne4 48. Bd3 Nd2+ 49. Kc2 Nf3 50. Rf1 b3+ 51. Kb2 Ne5 52. Bb1 Nc4+ 53. Kc3 d4+
54. Kd3 Rf6 55. Rc1 Rxf5 56. Rxc4+ Kb5 57. Rxd4 Rf1 58. Kc3 Rxb1 59. Rb4+ Kc5
60. Rxb3 Rh1 61. Rb2 Kd5 62. Kd3 Ke5 63. Ke3 Kf5 64. Kf3 Rc1 65. Rb5+ Kg6 66. h4
Rc3+ 67. Kf4 Rc4+ 68. Kg3 Rc3+ 69. Kf4 Rh3 70. Rb6+ Kg7 71. Kg5 Rc3 72. Rb7+ Kg8
73. Kxh5 Rc5+ 74. Kg6 Rc6+ 75. Kg5 Rc5+ 76. Kg4 Rc4+ 77. Kg3 Rc3+ 78. Kf2 Rc2+
79. Kf3 Rc3+ 80. Kf4 Rc4+ 81. Kg5 Rc5+ 82. Kf6 Rc6+ 83. Ke5 Rc5+ 84. Ke6 Rc6+
85. Kd7 Rh6 86. Rb4 Kf7 87. Rf4+ Rf6 88. Rg4 Rf1 89. Rg5 Rd1+ 90. Kc6 Kf6 91.
Rd5 Rh1 92. Rd6+ Ke5 93. Rd5+ Ke4 94. h5 Ra1 95. Rb5 Rc1+ 96. Kd6 Rh1 97. Ke6
Kf4 98. Kf6 Kg4 99. Kg6 Ra1 100. Rb6 Rb1 101. Rxb1 Kf4 102. Rb4+ Kf3 103. h6 Ke3
104. h7 Kd3 105. h8=Q 1-0

[Event "Titled Tue 24th Jun Late"]
[Site "chess.com INT"]
[Date "2025.06.24"]
[Round "7"]
[White "Meruga, Shanmukha"]
[Black "Przybylski, Wojciech"]
[Result "1/2-1/2"]
[BlackTitle "FM"]
[WhiteElo "1985"]
[BlackElo "2340"]
[WhiteFideId "30908183"]
[BlackFideId "1117599"]
[EventDate "2025.06.24"]

1. e4 e5 2. Nf3 Nf6 3. Nxe5 d6 4. Nf3 Nxe4 5. Nc3 Nf6 6. d4 d5 7. Bd3 Bd6 8. O-O
O-O 9. h3 h6 10. Ne2 Re8 11. Bf4 Bf8 12. Ne5 Nbd7 13. Re1 c6 14. c4 Ne4 15. cxd5
cxd5 16. f3 Nd6 17. Rc1 Nf6 18. Qb3 Bf5 19. Bxf5 Nxf5 20. Qxb7 Nd6 21. Qb3 Rb8
22. Qc2 Rc8 23. Qb1 Qb6 24. Kh2 Nc4 25. b3 Na3 26. Qd3 Bb4 27. Rxc8 Rxc8 28. Rc1
Re8 29. Rc6 Qb7 30. Qa6 Qxa6 31. Rxa6 Re7 32. Nc6 Rxe2 33. Nxb4 Nb5 34. Be5 Nd7
35. a4 Nxe5 36. dxe5 Nd4 37. Rxa7 Nxf3+ 38. Kg3 Nxe5 39. Nxd5 Nc6 40. Ra8+ Kh7
41. b4 Rd2 42. b5 Ne5 43. Nb4 Rb2 44. Nc6 Nc4 45. Kf3 g5 46. Ke4 Kg6 47. Kd4 Nb6
48. Ra6 Nxa4 49. Rxa4 Rxb5 50. Ra2 f6 51. Ke4 h5 52. Nd4 Rb4 53. Ke3 h4 54. Ra6
Rc4 55. Rc6 Ra4 56. Rc3 Ra1 57. Rc2 Re1+ 58. Kf2 Ra1 59. Nf3 Ra3 60. Re2 Ra6 61.
Nd4 Rb6 62. Re6 Rb4 63. Ke3 Ra4 64. Re4 Ra1 65. Kf2 Ra2+ 66. Re2 Ra4 67. Nf3 Rf4
68. Ke3 Ra4 69. Rf2 Ra3+ 70. Ke2 Ra2+ 71. Nd2 Rb2 72. Kd3 Ra2 73. Ne4 Ra3+ 74.
Kc4 Ra6 75. Kd5 Rb6 76. Rc2 Ra6 77. Rc6 Ra5+ 78. Kd4 Rf5 79. Ke3 Rf1 80. Ke2 Rf4
81. Ke3 Rf1 82. Nf2 Re1+ 83. Kf3 Re5 84. Rd6 Rf5+ 85. Ke2 Re5+ 86. Kd3 Kf5 87.
Kd2 Ra5 88. Nd3 Ra2+ 89. Ke3 Rxg2 90. Nf2 Rg3+ 91. Ke2 Ra3 92. Rb6 Ra2+ 93. Kf3
Ra3+ 94. Kg2 Ke5 95. Rb5+ Kf4 96. Rb4+ Kf5 97. Rb5+ Kg6 98. Rb6 Ra4 99. Ng4 Rf4
100. Rc6 Rf5 101. Rd6 Rf4 102. Re6 Rf5 103. Re7 Rf4 104. Re8 Ra4 105. Rg8+ Kf5
106. Rf8 Ra2+ 107. Kf1 Ra1+ 108. Ke2 Ra2+ 109. Kd3 Ra6 110. Kd4 Rd6+ 111. Kc5
Ra6 112. Kb5 Re6 113. Kc4 Kf4 114. Nxf6 Kg3 115. Kd5 Ra6 116. Ne4+ Kxh3 117.
Nxg5+ Kg4 118. Ne4 Ra5+ 119. Kd4 Ra4+ 120. Ke3 Ra3+ 121. Kf2 Ra2+ 122. Ke3 Ra3+
123. Ke2 Ra2+ 124. Nd2 Kg3 125. Rg8+ Kh2 126. Ke3 Kh3 127. Nf3 Ra3+ 128. Kf2
Ra2+ 129. Kf1 Ra1+ 130. Ne1 Rb1 131. Rf8 Ra1 132. Rf3+ Kg4 133. Rb3 Rc1 134. Ke2
Ra1 135. Ng2 Ra2+ 136. Kf1 h3 137. Ne3+ Kh4 138. Nf5+ Kg4 139. Ne3+ Kf4 140. Nd1
h2 141. Rh3 Kg4 142. Rh8 Kf4 143. Nf2 Kf3 144. Rh3+ Kf4 145. Rxh2 Kg3 146. Rh3+
Kf4 147. Rb3 Rc2 148. Kg2 Kg5 149. Rf3 Rc4 150. Kg3 Rc1 151. Ne4+ Kg6 152. Kf4
Ra1 153. Rg3+ Kf7 154. Rg5 Ke7 155. Re5+ Kf7 156. Rb5 Ke7 157. Ke5 Kd7 158. Rb7+
Kc6 159. Rb2 Ra5+ 160. Kd4 Ra4+ 161. Kd3 Ra1 162. Rc2+ Kd5 163. Rc5+ Ke6 164.
Rb5 Rd1+ 165. Nd2 Rh1 166. Ke3 Kd6 167. Kd4 Kc6 168. Rc5+ Kd6 169. Rd5+ Ke6 170.
Rd8 Ke7 171. Rb8 Rd1 172. Kc3 Ke6 173. Nc4 Rh1 174. Kd4 Rh4+ 175. Kd3 Rh3+ 176.
Ne3 Rh1 177. Rb6+ Ke5 178. Rg6 Ra1 179. Rg5+ Kf6 180. Rb5 Ke6 181. Ke4 Ra4+ 182.
Kf3 Ra1 183. Rb6+ Ke5 184. Rb4 Ke6 185. Re4+ Kd6 186. Rh4 Ke6 187. Rh6+ Ke5 188.
Ng4+ Kd5 189. Rh5+ Ke6 190. Rb5 Ra3+ 191. Kg2 Ra1 192. Ne3 Kd6 193. Kf3 Ke6 194.
Rb2 Ke5 195. Rb5+ 1/2-1/2

[Event "Titled Tue 24th Jun Late"]
[Site "chess.com INT"]
[Date "2025.06.24"]
[Round "8"]
[White "Kodihalli, Kaustubh"]
[Black "Sobek, Jaroslav"]
[Result "0-1"]
[BlackTitle "FM"]
[WhiteElo "2038"]
[BlackElo "2195"]
[WhiteFideId "30956455"]
[BlackFideId "301388"]
[EventDate "2025.06.24"]

1. e4 c5 2. Nf3 a6 3. c4 Nc6 4. d4 cxd4 5. Nxd4 e5 6. Nc2 Bc5 7. Nc3 Nf6 8. Be2
d6 9. O-O O-O 10. Be3 Be6 11. b3 h6 12. Qd2 Rc8 13. f3 Qb6 14. Na4 Bxe3+ 15.
Nxe3 Qd4 16. Qxd4 Nxd4 17. Kf2 b5 18. cxb5 axb5 19. Nb6 Rc6 20. Nbd5 Bxd5 21.
exd5 Rc5 22. Rfc1 Rfc8 23. Rxc5 Rxc5 24. b4 Rc3 25. a4 bxa4 26. Rxa4 Rb3 27. Ra6
Rb2 28. Rxd6 Rxe2+ 29. Kf1 Rxe3 0-1

[Event "Titled Tue 24th Jun Late"]
[Site "chess.com INT"]
[Date "2025.06.24"]
[Round "8"]
[White "Borges, Wagner da Silva"]
[Black "Magana Morales, Roberto"]
[Result "0-1"]
[WhiteTitle "CM"]
[WhiteElo "2062"]
[BlackElo "1933"]
[WhiteFideId "2100401"]
[BlackFideId "5114454"]
[EventDate "2025.06.24"]

1. Nf3 Nf6 2. d4 e6 3. c4 d5 4. Nc3 Bb4 5. Bg5 h6 6. Bxf6 Qxf6 7. Qb3 c5 8. cxd5
exd5 9. a3 Bxc3+ 10. bxc3 c4 11. Qb5+ Nc6 12. e4 dxe4 13. Ne5 O-O 14. Nxc6 bxc6
15. Qxc4 e3 16. fxe3 Re8 17. O-O-O Rxe3 18. Bd3 Be6 19. Qxc6 Rc8 20. Qb7 Rxc3+
21. Kd2 Rcxd3+ 22. Kc2 Qf2+ 0-1